The development and expansion of education in the United Arab Republic. (Record no. 46240)

MARC details
000 -LEADER
fixed length control field 00663cam a22002291 4500
001 - CONTROL NUMBER
control field ne 63001828
003 - CONTROL NUMBER IDENTIFIER
control field DLC
005 - DATE AND TIME OF LATEST TRANSACTION
control field 20260227111750.0
008 - FIXED-LENGTH DATA ELEMENTS--GENERAL INFORMATION
fixed length control field 750527s1963 xx 000 0 eng
010 ## - LIBRARY OF CONGRESS CONTROL NUMBER
LC control number ne 63001828
035 ## - SYSTEM CONTROL NUMBER
System control number (OCoLC)1355619
040 ## - CATALOGING SOURCE
Original cataloging agency DLC
Transcribing agency NBuU
Modifying agency DLC
042 ## - AUTHENTICATION CODE
Authentication code premarc
050 00 - LIBRARY OF CONGRESS CALL NUMBER
Classification number LA1646
Item number .B59
082 ## - DEWEY DECIMAL CLASSIFICATION NUMBER
Classification number 370.962
100 1# - MAIN ENTRY--PERSONAL NAME
Personal name Boktor, Amir,
Dates associated with a name 1896-
245 14 - TITLE STATEMENT
Title The development and expansion of education in the United Arab Republic.
260 ## - PUBLICATION, DISTRIBUTION, ETC.
Place of publication, distribution, etc. Cairo,
Name of publisher, distributor, etc. American University at Cairo Press,
Date of publication, distribution, etc. 1963.
300 ## - PHYSICAL DESCRIPTION
Extent 182 p.
Other physical details plans, tables.
Dimensions 24 cm.
504 ## - BIBLIOGRAPHY, ETC. NOTE
Bibliography, etc. note Bibliography: p. [175]-178.
650 #0 - SUBJECT ADDED ENTRY--TOPICAL TERM
Topical term or geographic name entry element Education
Geographic subdivision Egypt.

No items available.

Powered by Koha